[Event "European Rapid 2017"]
[Site "Katowice POL"]
[Date "2017.12.16"]
[Round "1.1"]
[White "Inarkiev, Ernesto"]
[Black "Parhomenko, Margarita"]
[Result "1-0"]
[WhiteTitle "GM"]
[WhiteElo "2689"]
[BlackElo "1854"]
[WhiteFideId "4162722"]
[BlackFideId "11603216"]
[EventDate "2017.12.16"]

1. d4 e6 2. c4 f5 3. Nc3 Nf6 4. Qc2 Bb4 5. e3 O-O 6. Bd3 Bxc3+ 7. Qxc3 d6 8. b3
e5 9. dxe5 dxe5 10. Bb2 Nc6 11. O-O-O Qe7 12. Bb1 a5 13. Nf3 Re8 14. a3 Bd7 15.
h3 Rad8 16. Bc2 Bc8 17. Rxd8 Qxd8 18. Rd1 Qe7 19. Ng1 Be6 20. f4 Nd7 21. Nf3
exf4 22. exf4 h6 23. Re1 Qf7 24. Nh4 Kf8 25. g4 fxg4 26. f5 Bxc4 27. Ng6+ Kg8
28. Rxe8+ 1-0

[Event "European Rapid 2017"]
[Site "Katowice POL"]
[Date "2017.12.16"]
[Round "1.2"]
[White "Czarnecka, Lidia"]
[Black "Navara, David"]
[Result "0-1"]
[BlackTitle "GM"]
[WhiteElo "1787"]
[BlackElo "2740"]
[WhiteFideId "21807531"]
[BlackFideId "309095"]
[EventDate "2017.12.16"]

1. e4 c5 2. Nf3 d6 3. d4 cxd4 4. Nxd4 Nf6 5. Nc3 a6 6. Bg5 Nbd7 7. f4 Qc7 8. Qf3
h6 9. Bh4 g5 10. fxg5 hxg5 11. Bg3 Ne5 12. Bxe5 dxe5 13. Nb3 g4 14. Qf2 Bh6 15.
Nd2 b5 16. a3 Bb7 17. Bd3 O-O-O 18. O-O-O Kb8 19. Kb1 Bxd2 20. Rxd2 Rd4 21. Qe2
Qd6 22. Rdd1 Rc8 23. Qe1 Qc5 24. Ne2 Rxe4 25. Bxe4 Nxe4 26. Rc1 Qc4 27. Ka1 f5
28. h3 g3 29. Rf1 f4 30. Rf3 Bd5 31. b3 Qc5 32. Kb2 Bb7 33. Rd3 Qf2 34. Qxf2
Nxf2 35. Rd7 Bxg2 36. Rxe7 Bf3 37. Rxe5 Bxe2 38. Rxe2 Nd3+ 39. cxd3 Rxc1 40.
Kxc1 f3 41. Kd2 g2 42. Re8+ Kc7 43. Rg8 f2 44. Rxg2 f1=Q 45. Rg7+ Kd8 46. Rg6 a5
47. Ra6 Qf2+ 48. Kd1 Qd4 49. Kc2 Qc5+ 50. Kb2 b4 51. axb4 axb4 52. Ra4 Qc3+ 53.
Ka2 Qc2+ 54. Ka1 Qxb3 55. Ra8+ Kc7 56. Ra2 Qd1+ 57. Kb2 Qxd3 58. h4 Qc3+ 59. Kb1
b3 60. Rb2 Qe1# 0-1

[Event "European Rapid 2017"]
[Site "Katowice POL"]
[Date "2017.12.16"]
[Round "1.4"]
[White "Kruusiauk, Heda"]
[Black "Kovalenko, Igor"]
[Result "0-1"]
[BlackTitle "GM"]
[WhiteElo "1795"]
[BlackElo "2639"]
[WhiteFideId "4501810"]
[BlackFideId "14117908"]
[EventDate "2017.12.16"]

1. d4 Nf6 2. c4 e6 3. Nc3 Bb4 4. Qc2 b6 5. a3 Bxc3+ 6. Qxc3 Bb7 7. f3 Nh5 8. Nh3
f5 9. Bg5 Nf6 10. Nf4 h6 11. Ng6 Rh7 12. Bh4 Kf7 13. Ne5+ Kg8 14. e3 d6 15. Nd3
g5 16. Bg3 Nbd7 17. O-O-O Qe7 18. h4 g4 19. Be2 Rg7 20. Rhg1 Kh7 21. Nf4 Rag8
22. h5 gxf3 23. Ng6 fxe2 24. Nxe7 exd1=Q+ 25. Kxd1 Rxe7 26. Bf4 Reg7 27. g3 Nxh5
28. d5 e5 29. Qc2 Ndf6 30. Bxe5 dxe5 31. Qxf5+ Rg6 32. Qxe5 R8g7 33. g4 Bc8 34.
g5 Rxg5 35. Rxg5 hxg5 36. e4 g4 37. Qd4 g3 38. e5 g2 39. Qg1 Ng4 40. Ke2 Nxe5
41. b3 Nf4+ 42. Ke3 Nh3 0-1

[Event "European Rapid 2017"]
[Site "Katowice POL"]
[Date "2017.12.16"]
[Round "1.6"]
[White "Skettos, Nicolas"]
[Black "McShane, Luke J"]
[Result "0-1"]
[BlackTitle "GM"]
[WhiteElo "1646"]
[BlackElo "2640"]
[WhiteFideId "5900670"]
[BlackFideId "404853"]
[EventDate "2017.12.16"]

1. e4 e5 2. Nf3 Nc6 3. Bb5 a6 4. Ba4 d6 5. O-O Bd7 6. c3 g6 7. d4 Bg7 8. Re1 h6
9. Be3 Nf6 10. Qd3 O-O 11. h3 Nxd4 12. cxd4 Bxa4 13. Nc3 exd4 14. Nxd4 Bd7 15.
Rac1 Re8 16. Nd5 c5 17. Nxf6+ Qxf6 18. Nf3 Bb5 19. Qd2 Qxb2 20. Bxh6 Qxd2 21.
Bxd2 Bc6 22. Bf4 Rad8 23. Rcd1 Bxe4 24. Bxd6 Bxf3 25. Rxe8+ Rxe8 26. gxf3 Rd8
27. Rd2 Be5 0-1

[Event "European Rapid 2017"]
[Site "Katowice POL"]
[Date "2017.12.16"]
[Round "1.7"]
[White "Fedorchuk, Sergey A."]
[Black "Kmiecik, Emilia"]
[Result "1-0"]
[WhiteTitle "GM"]
[WhiteElo "2648"]
[BlackElo "1790"]
[WhiteFideId "14102536"]
[BlackFideId "1128140"]
[EventDate "2017.12.16"]

1. e4 c5 2. Nf3 Nc6 3. Bb5 a6 4. Bxc6 bxc6 5. O-O d6 6. h3 e5 7. c3 Nf6 8. Re1
Be7 9. d4 cxd4 10. cxd4 Qc7 11. b3 O-O 12. Bb2 exd4 13. Qxd4 c5 14. Qd3 Bb7 15.
Nc3 Rfe8 16. Nd2 Qc6 17. Nc4 d5 18. Na5 Qb6 19. Nxb7 Qxb7 20. Nxd5 Nxd5 21. exd5
Rad8 22. d6 Bh4 23. Rxe8+ Rxe8 24. d7 Rd8 25. Re1 Qa8 26. Qxa6 Qb8 27. Qc6 Bxf2+
28. Kxf2 Qf4+ 29. Kg1 h6 30. Qc8 Qd2 31. Qxd8+ Kh7 32. Qe7 Qxb2 33. d8=Q Qc3 34.
Qe4+ g6 35. Qee8 Qd4+ 36. Qxd4 cxd4 37. Qxf7+ Kh8 38. Re8# 1-0

[Event "European Rapid 2017"]
[Site "Katowice POL"]
[Date "2017.12.16"]
[Round "1.8"]
[White "Kozlowski, Marcin"]
[Black "Wojtaszek, Radoslaw"]
[Result "0-1"]
[BlackTitle "GM"]
[WhiteElo "1727"]
[BlackElo "2736"]
[WhiteFideId "1157116"]
[BlackFideId "1118358"]
[EventDate "2017.12.16"]

1. e4 c6 2. d4 d5 3. Nd2 g6 4. Ngf3 Bg7 5. Be2 Nh6 6. O-O O-O 7. Re1 b6 8. exd5
cxd5 9. Nf1 Nc6 10. Bf4 Nf5 11. c3 Nd6 12. N1d2 Bb7 13. Bf1 e6 14. Ne5 Ne7 15.
Ng4 Nef5 16. Be5 f6 17. Bf4 g5 18. Bxd6 Qxd6 19. Bd3 Nh4 20. Nf1 Bc6 21. Qe2 Ng6
22. Ng3 Nf4 23. Qc2 Nxd3 24. Qxd3 Be8 25. Re2 Bg6 26. Qd2 h5 27. Ne3 f5 28. Nc2
f4 29. Nf1 g4 30. f3 gxf3 31. gxf3 Kh7 32. Kh1 Bf5 33. Ne1 Bh6 34. Nd3 Qe7 35.
Ne5 Rg8 36. Rg2 Qh4 37. Qf2 Qxf2 38. Rxf2 Bg7 39. Nd2 Bf6 40. Rg1 Rxg1+ 41. Kxg1
Bh3 42. Nb3 Rg8+ 43. Kh1 Bxe5 44. dxe5 Rg5 45. Re2 Bf1 46. Rf2 Bc4 47. Nd4 Rxe5
48. Kg2 Rg5+ 49. Kh3 e5 50. Ne6 Rg8 51. Kh4 Kh6 52. b3 Bd3 53. Rd2 Bf1 54. Rxd5
Rg2 55. h3 Rg3 56. Nxf4 exf4 57. Rxh5+ Kg6 58. Rd5 Rxf3 59. Kg4 Rf2 60. Rd6+ Kf7
61. Rd7+ Ke6 62. Rxa7 Be2+ 63. Kg5 0-1

[Event "European Rapid 2017"]
[Site "Katowice POL"]
[Date "2017.12.16"]
[Round "1.9"]
[White "Alekseev, Evgeny"]
[Black "Korcz, Daniel"]
[Result "1-0"]
[WhiteTitle "GM"]
[WhiteElo "2616"]
[BlackElo "1784"]
[WhiteFideId "4138147"]
[BlackFideId "1171240"]
[EventDate "2017.12.16"]

1. e4 e5 2. Nf3 Nc6 3. Bb5 f5 4. Nc3 fxe4 5. Nxe4 Nf6 6. Qe2 d5 7. Nxf6+ gxf6 8.
d4 e4 9. Nh4 Qe7 10. O-O Bd7 11. Qh5+ Qf7 12. Qxf7+ Kxf7 13. c3 a6 14. Ba4 b5
15. Bb3 Ke6 16. f3 f5 17. fxe4 fxe4 18. Re1 Na5 19. Rxe4+ Kd6 20. Bf4+ Kc6 21.
Re2 Nxb3 22. axb3 Bg4 23. Re3 Bd6 24. Bxd6 Kxd6 25. b4 Bd7 26. Nf3 Rhe8 27. Ne5
Be6 28. Rf3 Re7 29. h3 c6 30. Kh2 Rea7 31. Rf6 a5 32. Nxc6 Kxc6 33. Rxe6+ Kd7
34. Rh6 Ke8 35. bxa5 Rxa5 36. Rxa5 Rxa5 37. Rxh7 Ra2 38. b4 1-0

[Event "European Rapid 2017"]
[Site "Katowice POL"]
[Date "2017.12.16"]
[Round "1.11"]
[White "Ponkratov, Pavel"]
[Black "Laszczak, Przemyslaw"]
[Result "1-0"]
[WhiteTitle "GM"]
[WhiteElo "2613"]
[BlackElo "2100"]
[WhiteFideId "4157800"]
[BlackFideId "1185861"]
[EventDate "2017.12.16"]

1. c4 c6 2. Nc3 Nf6 3. e4 d5 4. e5 Nfd7 5. d4 e6 6. Nf3 Be7 7. Be3 O-O 8. Bd3
dxc4 9. Bxc4 Nb6 10. Bd3 Nd5 11. Bc2 f6 12. exf6 Bxf6 13. h4 e5 14. Nxd5 cxd5
15. Nxe5 Bxe5 16. dxe5 Bf5 17. Bb3 Be6 18. Qd2 Nc6 19. Rd1 Nxe5 20. Bxd5 Bxd5
21. Qxd5+ Qxd5 22. Rxd5 Nc4 23. Rh3 Rae8 24. b3 Nxe3 25. Rxe3 Rxe3+ 26. fxe3 Re8
27. Ke2 Re7 28. Kd3 Kf7 29. Kd4 Kf6 30. g4 b6 31. e4 g6 32. e5+ Kf7 33. Rd6 Rc7
34. Rf6+ Ke7 35. Rf2 Rd7+ 36. Ke4 Ke6 37. h5 gxh5 38. gxh5 Rg7 39. Rf6+ Ke7 40.
Kd5 Rg2 41. a4 Rg3 42. Rh6 Rg7 43. a5 bxa5 44. Ra6 Kf8 45. Rxa5 Rb7 46. h6 Kf7
47. Ra3 Kg6 48. Ra6+ Kg5 49. e6 Kf6 50. Ra1 Rb5+ 51. Kc4 Re5 52. Rxa7 Kg6 53. e7
Kxh6 54. b4 Kg6 55. b5 Kf7 56. b6 Re4+ 57. Kc5 Re5+ 58. Kd4 Rb5 59. b7 h5 60.
e8=Q+ Kxe8 61. Ra8+ 1-0

[Event "European Rapid 2017"]
[Site "Katowice POL"]
[Date "2017.12.16"]
[Round "1.12"]
[White "Pazdzior, Michal"]
[Black "Bartel, Mateusz"]
[Result "0-1"]
[BlackTitle "GM"]
[WhiteElo "1637"]
[BlackElo "2609"]
[WhiteFideId "1135872"]
[BlackFideId "1112635"]
[EventDate "2017.12.16"]

1. d4 e6 2. c4 b6 3. Nf3 Bb7 4. Nc3 Bb4 5. Qb3 a5 6. a3 a4 7. Qc2 Bxc3+ 8. Qxc3
Nf6 9. Bg5 h6 10. Bf4 d6 11. e3 Nbd7 12. Be2 O-O 13. O-O Re8 14. Rad1 Ra5 15.
Rfe1 Qa8 16. Bg3 Ne4 17. Qc2 Ndf6 18. Bf1 Nxg3 19. hxg3 Bxf3 20. gxf3 Qxf3 21.
Bg2 Qh5 22. f3 e5 23. Kf2 e4 24. Rh1 Qf5 25. Rh4 exf3 26. Qxf5 Rxf5 27. Bh3 Ra5
28. d5 Raa8 29. Rhd4 Ne4+ 30. Kxf3 Ng5+ 31. Kg2 Rxe3 32. R1d2 Rae8 33. Bg4 Ne4
34. R2d3 Rxd3 35. Rxd3 Nc5 36. Rd2 Re4 37. Be2 f5 38. Rc2 Kf7 39. Kf3 Kf6 40.
Bd1 h5 41. Rc3 h4 42. Bc2 Rg4 43. gxh4 Rxh4 44. Kg3 Rg4+ 45. Kh3 g6 46. b4 axb3
47. Bxb3 Nxb3 48. Rxb3 Rxc4 0-1

[Event "European Rapid 2017"]
[Site "Katowice POL"]
[Date "2017.12.16"]
[Round "1.14"]
[White "Tyurin, Artem"]
[Black "Georgiev, Kiril"]
[Result "0-1"]
[BlackTitle "GM"]
[WhiteElo "1820"]
[BlackElo "2623"]
[WhiteFideId "44130112"]
[BlackFideId "2900017"]
[EventDate "2017.12.16"]

1. e4 c5 2. Nf3 d6 3. d4 Nf6 4. Nc3 cxd4 5. Nxd4 a6 6. Bg5 e6 7. f4 Be7 8. Qf3
h6 9. Bh4 Nc6 10. O-O-O Nxd4 11. Rxd4 Qb6 12. Bf2 Qc7 13. Rc4 Qb8 14. Rd4 b5 15.
Be2 b4 16. Nb1 e5 17. fxe5 dxe5 18. Rdd1 Be6 19. Nd2 Qc7 20. Kb1 O-O 21. Rhg1
Rac8 22. Rc1 Rfd8 23. Nb3 a5 24. g4 a4 25. Na1 Qc6 26. Bd3 a3 27. Nb3 axb2 28.
Rcd1 Bc4 29. Qe2 Bxb3 30. cxb3 Rxd3 31. Qxd3 Nxe4 32. Be3 Nc3+ 33. Kxb2 e4 34.
Qc4 Qa8 35. Qd4 Qxa2+ 0-1

[Event "European Rapid 2017"]
[Site "Katowice POL"]
[Date "2017.12.16"]
[Round "1.16"]
[White "Niedbala, Bartlomiej"]
[Black "Rodshtein, Maxim"]
[Result "0-1"]
[BlackTitle "GM"]
[WhiteElo "2020"]
[BlackElo "2699"]
[WhiteFideId "21834008"]
[BlackFideId "2806851"]
[EventDate "2017.12.16"]

1. Nf3 d5 2. d4 Nf6 3. Bf4 e6 4. e3 c5 5. c3 Nc6 6. Bd3 Be7 7. Nbd2 Nh5 8. Bg3
g6 9. Qe2 O-O 10. Rd1 Qb6 11. Nf1 Bd7 12. Bh4 Bxh4 13. Nxh4 cxd4 14. g4 Nf6 15.
exd4 e5 16. dxe5 Bxg4 17. f3 Rae8 18. Qf2 Rxe5+ 19. Be2 Rfe8 20. Rd2 d4 21. Ng3
Bh3 22. cxd4 Re3 23. Nf1 Bxf1 24. Kxf1 Nxd4 25. Bd1 Qb5+ 26. Kg2 Ne2 27. Rf1
Nf4+ 28. Kh1 Nh3 29. Qg2 Re1 30. Be2 R8xe2 31. Rd8+ Kg7 0-1

[Event "European Rapid 2017"]
[Site "Katowice POL"]
[Date "2017.12.16"]
[Round "1.17"]
[White "Miton, Kamil"]
[Black "Gajzner, Ryszard"]
[Result "1-0"]
[WhiteTitle "GM"]
[WhiteElo "2584"]
[BlackElo "1723"]
[WhiteFideId "1111914"]
[BlackFideId "1188607"]
[EventDate "2017.12.16"]

1. d4 f5 2. c4 Nf6 3. Nc3 g6 4. Nf3 Bg7 5. Bf4 O-O 6. h3 d6 7. e3 Qe8 8. Be2 c6
9. Bh2 Na6 10. Qc2 Nb4 11. Qb3 a5 12. a3 Na6 13. c5+ Rf7 14. Ng5 dxc5 15. Nxf7
Qxf7 16. Bc4 e6 17. Bxa6 cxd4 18. exd4 Rxa6 19. O-O b5 20. Be5 Bd7 21. Rac1 Bh6
22. Rcd1 Ra8 23. Ne2 Nd5 24. Nc1 Nf4 25. Bxf4 Bxf4 26. Nd3 a4 27. Qc3 Bd6 28.
Rfe1 f4 29. Ne5 Qg7 30. Qf3 Rc8 31. Qxf4 Rf8 32. Qe4 Qf6 33. Nxd7 Qxf2+ 34. Kh1
Qg3 35. Qxe6+ Kh8 36. Ne5 1-0

[Event "European Rapid 2017"]
[Site "Katowice POL"]
[Date "2017.12.16"]
[Round "1.18"]
[White "Drozniak, Stanislaw"]
[Black "Brunello, Sabino"]
[Result "0-1"]
[BlackTitle "GM"]
[WhiteElo "2074"]
[BlackElo "2553"]
[WhiteFideId "1188895"]
[BlackFideId "813613"]
[EventDate "2017.12.16"]

1. e4 e5 2. Nf3 Nc6 3. d4 exd4 4. Nxd4 Bc5 5. Nf5 d5 6. Nxg7+ Kf8 7. Nh5 Qh4 8.
Ng3 Nf6 9. Be2 dxe4 10. O-O h5 11. Be3 Bd6 12. f3 exf3 13. Bxf3 Ng4 14. Bxg4
hxg4 15. Rf4 Bxf4 16. Bxf4 Qxh2+ 17. Kf2 Rh6 18. Qd2 Rf6 19. Nc3 Qh6 20. Nd5
Rxf4+ 21. Nxf4 Bd7 22. Rh1 Qf6 23. Ne4 Qe5 24. Rh5 Bf5 25. Ng3 Rd8 26. Ng6+ fxg6
27. Qh6+ Ke7 28. Qg5+ Kd7 29. Rh7+ Kc8 30. Nxf5 Qxf5+ 0-1

[Event "European Rapid 2017"]
[Site "Katowice POL"]
[Date "2017.12.16"]
[Round "1.19"]
[White "Chigaev, Maksim"]
[Black "Wojdak, Jan"]
[Result "1-0"]
[WhiteTitle "GM"]
[WhiteElo "2555"]
[BlackElo "1690"]
[WhiteFideId "4108116"]
[BlackFideId "21817111"]
[EventDate "2017.12.16"]

1. e4 c5 2. Nf3 Nc6 3. Bb5 d6 4. d4 cxd4 5. Qxd4 Bd7 6. Qd3 Nf6 7. c4 e6 8. O-O
h6 9. Nc3 Be7 10. Bf4 e5 11. Be3 a6 12. Bxc6 bxc6 13. c5 Bg4 14. cxd6 Qxd6 15.
Qxd6 Bxd6 16. Nd2 Be6 17. f3 Rb8 18. b3 O-O 19. Rac1 Rfc8 20. Na4 Nd7 21. Rc2 f5
22. Nc5 Bxc5 23. Bxc5 Rb5 24. Bf2 Nf6 25. Rfc1 fxe4 26. fxe4 Bd7 27. h3 Kf7 28.
Bc5 Ke6 29. Rc4 Kf7 30. Be3 g5 31. Ra4 g4 32. h4 h5 33. Rxa6 g3 34. Ra7 Ke8 35.
Bg5 Ng4 36. Nc4 Rcb8 37. Nd6+ Kf8 38. Nxb5 Rxb5 39. Rxd7 Rb4 40. Rxc6 Ke8 41.
Re7+ Kd8 42. Rb7+ Ke8 43. Rc8# 1-0

[Event "European Rapid 2017"]
[Site "Katowice POL"]
[Date "2017.12.16"]
[Round "1.20"]
[White "Martinka, Jakub"]
[Black "Ragger, Markus"]
[Result "0-1"]
[BlackTitle "GM"]
[WhiteElo "1844"]
[BlackElo "2657"]
[WhiteFideId "23710144"]
[BlackFideId "1610856"]
[EventDate "2017.12.16"]

1. e4 e5 2. f4 exf4 3. Nf3 Be7 4. Bc4 Nf6 5. Nc3 Nxe4 6. Bxf7+ Kxf7 7. Nxe4 d5
8. Nf2 Nc6 9. O-O Bf6 10. d4 g5 11. c3 Bf5 12. Nd3 Kg7 13. Re1 Re8 14. Nfe5 Bxd3
15. Nxd3 Rxe1+ 16. Qxe1 Qe7 17. Qxe7+ Bxe7 18. h4 h6 19. Bd2 Bd6 20. hxg5 hxg5
21. Kf2 Ne7 22. Kf3 Nf5 23. Kg4 Kf6 24. Re1 Rh8 25. Ne5 Rh4+ 26. Kf3 Bxe5 27.
Rxe5 Rh2 28. Be1 Ne3 29. g3 Rxb2 30. gxf4 gxf4 31. Bh4+ Kg6 32. Kxf4 Ng2+ 33.
Kg4 Nxh4 34. Kxh4 c6 35. Re7 Kf6 36. Rc7 Ke6 37. Kg4 Kd6 38. Rh7 a5 39. a4 Rb3
40. Kf4 b6 41. Rb7 Rxc3 42. Rxb6 Rd3 43. Ra6 Rxd4+ 44. Ke3 Rxa4 45. Kd3 Ke5 0-1

[Event "European Rapid 2017"]
[Site "Katowice POL"]
[Date "2017.12.16"]
[Round "1.21"]
[White "Neiksans, Arturs"]
[Black "Ocko, Dominik"]
[Result "1-0"]
[WhiteTitle "GM"]
[WhiteElo "2590"]
[BlackElo "1913"]
[WhiteFideId "11601388"]
[BlackFideId "371963"]
[EventDate "2017.12.16"]

1. g3 d5 2. Nf3 Nf6 3. Bg2 c6 4. O-O Bf5 5. d3 e6 6. Nbd2 h6 7. b3 Be7 8. Bb2
Nbd7 9. e4 Bg4 10. h3 Bh5 11. e5 Nh7 12. Qe1 g5 13. Nd4 Qc7 14. f4 gxf4 15. gxf4
Rg8 16. f5 Bc5 17. Kh1 Bxd4 18. Bxd4 O-O-O 19. Qh4 c5 20. Bg1 Be2 21. Rf2 Qxe5
22. Re1 Qg7 23. Rexe2 Ng5 24. Bh2 Qa1+ 25. Rf1 Qxa2 26. Qf4 e5 27. Rxe5 Nxe5 28.
Qxe5 Nf3 29. Qc7# 1-0

[Event "European Rapid 2017"]
[Site "Katowice POL"]
[Date "2017.12.16"]
[Round "1.22"]
[White "Goreczny, Tomasz"]
[Black "Buhmann, Rainer"]
[Result "0-1"]
[BlackTitle "GM"]
[WhiteElo "1705"]
[BlackElo "2584"]
[WhiteFideId "1185845"]
[BlackFideId "4651340"]
[EventDate "2017.12.16"]

1. e4 e5 2. f4 exf4 3. Nf3 Nf6 4. Nc3 d5 5. exd5 Nxd5 6. Nxd5 Qxd5 7. d4 Bd6 8.
c4 Qa5+ 9. Bd2 Bb4 10. Qe2+ Kf8 11. Bxb4+ Qxb4+ 12. Qd2 Qxd2+ 13. Kxd2 Bf5 14.
Bd3 Bg6 15. Ne5 Bxd3 16. Nxd3 g5 17. h4 f6 18. hxg5 fxg5 19. Ne5 Kg7 20. g3 fxg3
21. Rhg1 Nc6 22. Nxc6 bxc6 23. Rxg3 Kg6 24. Re1 Rae8 25. Rge3 Rxe3 26. Rxe3 Rf8
27. Re6+ Rf6 28. Re7 g4 29. Rxc7 g3 30. Rc8 Kg7 31. Rc7+ Kh6 32. Re7 g2 33. Re1
Rf1 34. Re6+ Kg7 0-1

[Event "European Rapid 2017"]
[Site "Katowice POL"]
[Date "2017.12.16"]
[Round "1.23"]
[White "Piorun, Kacper"]
[Black "Butyrowski, Marcel"]
[Result "1-0"]
[WhiteTitle "GM"]
[WhiteElo "2651"]
[BlackElo "1782"]
[WhiteFideId "1130420"]
[BlackFideId "1192540"]
[EventDate "2017.12.16"]

1. e4 c5 2. Nc3 Nc6 3. g3 g6 4. Bg2 Bg7 5. d3 d6 6. Nge2 Bd7 7. Be3 Rb8 8. O-O
b5 9. Qd2 e5 10. a3 Nge7 11. Bh6 O-O 12. Bxg7 Kxg7 13. f4 Nd4 14. Rae1 Nec6 15.
Nd5 Be6 16. Ne3 f6 17. c3 Nxe2+ 18. Rxe2 b4 19. Ref2 bxc3 20. bxc3 Qd7 21. f5
Bg8 22. h4 gxf5 23. Nxf5+ Kh8 24. Qh6 Be6 25. Ne3 Qg7 26. Rxf6 Qxh6 27. Rxh6
Rxf1+ 28. Bxf1 Nd8 29. Nf5 Bxf5 30. exf5 Nf7 31. Re6 Rb3 32. f6 h6 33. Bh3 Rb1+
34. Kf2 e4 35. Re8+ Kh7 36. Bf5# 1-0

[Event "European Rapid 2017"]
[Site "Katowice POL"]
[Date "2017.12.16"]
[Round "1.24"]
[White "Kurzok, Zenon"]
[Black "Andriasian, Zaven"]
[Result "0-1"]
[BlackTitle "GM"]
[WhiteElo "1728"]
[BlackElo "2585"]
[WhiteFideId "1159780"]
[BlackFideId "13302000"]
[EventDate "2017.12.16"]

1. e4 c5 2. b4 cxb4 3. Bb2 Nf6 4. e5 Nd5 5. Bc4 e6 6. Nf3 Nc6 7. O-O Be7 8. a3
Nb6 9. Be2 O-O 10. d4 bxa3 11. Nxa3 Na4 12. Qc1 Nxb2 13. Qxb2 b6 14. Nb5 d6 15.
Rfd1 Bb7 16. c4 d5 17. Rac1 dxc4 18. Bxc4 Nb4 19. Qb3 a6 20. Nc3 b5 21. Be2 Qd7
22. Ne1 Rac8 23. Bf3 Rfd8 24. Bxb7 Qxb7 25. f4 a5 26. Nf3 a4 27. Qb1 Nd5 28. Qd3
Nxf4 0-1

[Event "European Rapid 2017"]
[Site "Katowice POL"]
[Date "2017.12.16"]
[Round "1.25"]
[White "Fressinet, Laurent"]
[Black "Jaskunaite, Areta"]
[Result "1-0"]
[WhiteTitle "GM"]
[WhiteElo "2662"]
[BlackElo "1546"]
[WhiteFideId "608742"]
[BlackFideId "12809250"]
[EventDate "2017.12.16"]

1. e4 e5 2. Nf3 Nc6 3. Bc4 Bc5 4. c3 Nf6 5. d3 h6 6. O-O O-O 7. b4 Bd6 8. Nbd2
Re8 9. Qb3 Rf8 10. a4 a5 11. b5 Ne7 12. d4 Ng6 13. Re1 b6 14. Bd3 Re8 15. Nc4
Bb7 16. Nxd6 cxd6 17. Bc4 Rf8 18. d5 Qc7 19. Bf1 Rac8 20. c4 Nh5 21. g3 Qd8 22.
Bh3 Rc7 23. Be3 Rc8 24. Nd2 Nf6 25. Qd1 Ne7 26. Qe2 Ng6 27. f3 Nh7 28. Qf2 Ng5
29. Bg2 f6 30. h4 Nf7 31. Bxb6 Qe8 32. Bxa5 Nd8 33. Bb4 Qe7 34. Qb6 1-0

[Event "European Rapid 2017"]
[Site "Katowice POL"]
[Date "2017.12.16"]
[Round "1.26"]
[White "Fiedorek, Michal"]
[Black "Demidov, Mikhail"]
[Result "0-1"]
[BlackTitle "IM"]
[WhiteElo "1905"]
[BlackElo "2523"]
[WhiteFideId "1199528"]
[BlackFideId "4197143"]
[EventDate "2017.12.16"]

1. e4 e6 2. d4 d5 3. Nd2 Be7 4. Ngf3 Nf6 5. e5 Nfd7 6. Bd3 c5 7. c3 Nc6 8. O-O
g5 9. b3 cxd4 10. cxd4 h5 11. Bb2 Qb6 12. h3 g4 13. hxg4 hxg4 14. Ne1 g3 15. Qg4
Ncxe5 16. Qxg3 Nxd3 17. Nxd3 Qd6 18. Ne5 Nxe5 19. dxe5 Qb4 20. Nf3 Qe4 21. Qg7
Qh7 22. Qxh7 Rxh7 23. Rac1 Bd7 24. Rc7 Kd8 25. Rc2 Rc8 26. Rxc8+ Bxc8 27. Bc1
Rg7 28. g3 b6 29. Kg2 Bb7 30. Nd4 Rh7 31. Rh1 Rxh1 32. Kxh1 Kd7 33. Kg2 f6 34.
f4 fxe5 35. fxe5 Ba6 36. Kf3 Bd3 37. Kf4 Bf8 38. Nf3 Bh6+ 39. Ng5 Bb1 40. a3 Bc2
41. b4 Kc6 42. Kg4 Bd1+ 43. Kh4 d4 44. g4 Kd5 45. Kh5 Bxg5 46. Kxg5 Kxe5 47. Kh4
Ke4 48. a4 Bxa4 49. g5 Be8 50. Kg3 a5 51. bxa5 bxa5 52. Kg4 a4 53. Ba3 e5 54.
Bc1 Bg6 55. Ba3 Kd3 56. Bd6 e4 57. Kf4 e3 58. Ke5 e2 59. Bb4 a3 0-1

[Event "European Rapid 2017"]
[Site "Katowice POL"]
[Date "2017.12.16"]
[Round "1.27"]
[White "Kovalev, Vladislav"]
[Black "Mendes, Pedro Miguel Gomes"]
[Result "1-0"]
[WhiteTitle "GM"]
[WhiteElo "2639"]
[BlackElo "1851"]
[WhiteFideId "13504398"]
[BlackFideId "1908049"]
[EventDate "2017.12.16"]

1. d4 Nf6 2. Bf4 d5 3. e3 c5 4. c3 e6 5. Nd2 Nc6 6. Ngf3 Be7 7. h3 O-O 8. Bd3
cxd4 9. exd4 a6 10. O-O b5 11. a3 Na5 12. Ne5 Bd7 13. Qe2 Nc4 14. Ndf3 Rc8 15.
Rae1 Be8 16. Bc1 Bd6 17. Ng5 h6 18. Ngf3 Qc7 19. Ng4 Nxg4 20. hxg4 Bf4 21. g3
Bxc1 22. Rxc1 Bc6 23. g5 g6 24. gxh6 Qe7 25. Kg2 Qf6 26. Rce1 Kh7 27. Rh1 Rh8
28. g4 Qf4 29. Rh4 Kg8 30. g5 Qd6 31. Kg1 Kh7 32. Nh2 Nb6 33. Ng4 Nd7 34. f4
Rce8 35. Rf1 Bb7 36. Rh2 Bc6 37. Rhf2 Kg8 38. Ne5 Kf8 39. Bxg6 fxg6 40. Nxg6+
Kg8 41. f5 e5 42. f6 Kf7 43. Qh5 Ke6 44. f7 Ref8 45. Qg4# 1-0

[Event "European Rapid 2017"]
[Site "Katowice POL"]
[Date "2017.12.16"]
[Round "1.28"]
[White "Visnevskis, Valdis"]
[Black "Plat, Vojtech"]
[Result "0-1"]
[BlackTitle "GM"]
[WhiteElo "1667"]
[BlackElo "2567"]
[WhiteFideId "11608161"]
[BlackFideId "325740"]
[EventDate "2017.12.16"]

1. d4 Nf6 2. Bf4 c5 3. e3 Qb6 4. Nc3 d6 5. Na4 Qa5+ 6. c3 Bd7 7. b3 Bxa4 8. bxa4
Qxc3+ 9. Ke2 Nd5 10. dxc5 Nxf4+ 11. exf4 Nc6 12. Nf3 dxc5 13. Qc1 Qb4 14. Rb1
Qe4+ 15. Kd1 Qxa4+ 16. Qc2 O-O-O+ 17. Bd3 Rxd3+ 0-1

[Event "European Rapid 2017"]
[Site "Katowice POL"]
[Date "2017.12.16"]
[Round "1.29"]
[White "Aleksandrov, Aleksej"]
[Black "Iwanczuk, Krzysztof"]
[Result "0-1"]
[WhiteTitle "GM"]
[WhiteElo "2589"]
[BlackElo "1655"]
[WhiteFideId "13500139"]
[BlackFideId "21838607"]
[EventDate "2017.12.16"]

1. d4 Nf6 2. c4 g6 3. Nc3 Bg7 4. e4 d6 5. h3 O-O 6. Be3 e5 7. d5 a5 8. Nf3 Na6
9. g4 Nd7 10. Rg1 Ndc5 11. h4 c6 12. h5 cxd5 13. cxd5 Bd7 14. a4 Qb6 15. Bb5
Bxb5 16. Nxb5 Nb4 17. Kf1 Rac8 18. Nd2 Qd8 19. b3 Qe7 20. Na7 Rc7 21. Nb5 Rcc8
22. Rc1 Ncd3 23. Rxc8 Rxc8 24. Nc4 Rd8 25. Nxa5 Nf4 26. Rg3 Qh4 27. Kg1 Nh3+ 28.
Kg2 Nf4+ 29. Bxf4 exf4 30. Rh3 Qe7 31. Qf3 g5 32. Rh1 Rc8 33. Nc4 Be5 34. Rd1 h6
35. Qe2 Na6 36. Rc1 Nc5 37. Nxe5 Qxe5 38. b4 Qd4 39. Nxd6 Rd8 40. bxc5 Qxa4 41.
Nxb7 Re8 42. Nd6 Rd8 43. c6 Qa3 44. c7 Qxd6 45. c8=Q 0-1